Culture Générale - Série 97 - Statistiques

Statistiques générales
  • Ce quiz a été pris 410 fois
  • Le résultat moyen est 4 sur 10
Statistiques - réponses
Question Réponse % Correct
De quelle couleur rit-on pour marquer son dépit ou son mécontentement ? Jaune
95%
Comment s'appelle un losange avec un angle droit ? Carré
77%
Dans quel sport Jacques Secrétin s'est-il illustré ? Tennis de table
45%
Quel est l'instrument de prédilection du chanteur Gérard Blanchard ? Accordéon
38%
Quel nom porte le ragoût hongrois fait avec des oignons et du paprika ? Goulasch
29%
Quelle actrice américaine a-t-on surnommée "la Divine" ? Greta Garbo
28%
A quel réalisateur doit-on les films "Platoon" et "JFK" ? Oliver Stone
19%
Sur quelle île de Boulogne-Billancourt étaient situées les usines Renault ? L'île Seguin
9%
Dans quel film de Steven Spielberg Yvan Attal a-t-il joué ? Munich
9%
Quel personnage de "L'île aux enfants" vit dans une malle chez Casimir ? Léonard
8%
Aucun quiz correspondant
Distribution des résultats
% des personnes avec chaque résultat
Percentile par nombre de réponses
Votre historique - résultats
Vous n’avez pas pris ce quiz